Soft landing likely (Record no. 71714)

MARC details
000 -LEADER
fixed length control field 01063cam a2200205 4500
001 - CONTROL NUMBER
control field WB3845-14
008 - FIXED-LENGTH DATA ELEMENTS--GENERAL INFORMATION
fixed length control field 021205n2002 000 0 eng u
035 ## - SYSTEM CONTROL NUMBER
System control number (Sirsi) u120679
245 ## - TITLE STATEMENT
Title Soft landing likely
260 ## - PUBLICATION, DISTRIBUTION, ETC.
Date of publication, distribution, etc. 2002
490 ## - SERIES STATEMENT
Series statement Nationwide Monthly Review
Volume/sequential designation December 2002, (3)
490 ## - SERIES STATEMENT
Series statement Council of Mortgage Lenders Press Release
Volume/sequential designation 2 December 2002, (2)
520 ## - SUMMARY, ETC.
Summary, etc. Nationwide's monthly review of house prices reports a continuing price rise of 2% in November 2002, with an annual growth rate of 25.5%. Nationwide and the Council of Mortgage Lenders (CML) predict a gradual slowdown in the housing market for 2003 due to affordability constraints, labour market conditions, and rises in interest rates. Graphs. www.nationwide.co.uk/hpi/hpindex/monthlymenu.htmwww.cml.org.uk/servlet/dycon/zt-cml/cml/live/en/cml/press_releases_2002_1202
590 ## - LOCAL NOTE (RLIN)
Local note WB
650 ## - SUBJECT ADDED ENTRY--TOPICAL TERM
Topical term or geographic name entry element HOUSE PRICES
650 ## - SUBJECT ADDED ENTRY--TOPICAL TERM
Topical term or geographic name entry element NATIONWIDE
650 ## - SUBJECT ADDED ENTRY--TOPICAL TERM
Topical term or geographic name entry element COUNCIL OF MORTGAGE LENDERS
690 ## - LOCAL SUBJECT ADDED ENTRY--TOPICAL TERM (OCLC, RLIN)
Topical term or geographic name as entry element PROPERTY-RESIDENTIAL PROPERTY-RESIDENTIAL PROPERTY MARKET
942 ## - ADDED ENTRY ELEMENTS (KOHA)
Suppress in OPAC 0
Holdings
Withdrawn status Lost status Source of classification or shelving scheme Damaged status Not for loan Home library Current library Shelving location Date acquired Total Checkouts Full call number Barcode Date last seen Copy number Price effective from Koha item type
    Dewey Decimal Classification     London London News article 05/12/2002   WB3845-14 120679-1001 06/08/2019 1 06/08/2019 News article